000 00340nam a22001337a 4500
008 171024b xxu||||| |||| 00| 0 eng d
020 _a9780495385295
041 _aeng
080 _26 ED
_a311
100 _a55
101 _aSTA
245 _aESSENTIALS OF STATISTICS FOR THE BEHAVIORAL SCIENCES
_cGRAVENTTER.F.J
942 _2udc
_cBK
999 _c35701
_d35701